[Event "Titled Tue 10th Jun Early"]
[Site "chess.com INT"]
[Date "2025.06.10"]
[Round "2"]
[White "Lazavik, Denis"]
[Black "Palczert, Matyas"]
[Result "1-0"]
[WhiteTitle "GM"]
[BlackTitle "FM"]
[WhiteElo "2580"]
[BlackElo "2396"]
[WhiteFideId "13515110"]
[BlackFideId "784958"]
[EventDate "2025.06.10"]

1. e4 e5 2. Nf3 Nc6 3. Bc4 Bc5 4. c3 Nf6 5. d3 d6 6. O-O O-O 7. Re1 a6 8. a4 h6
9. h3 Ba7 10. Nbd2 Ne7 11. Nf1 Ng6 12. Bb3 c6 13. d4 Re8 14. Ng3 Be6 15. Bc2 c5
16. d5 Bd7 17. a5 c4 18. Be3 Bxe3 19. Rxe3 b5 20. axb6 Qxb6 21. Ra2 Nf4 22. Nd2
Rec8 23. Ne2 g5 24. Nxf4 gxf4 25. Re1 Kh8 26. Qe2 Qc5 27. Ba4 Bb5 28. Rea1 Rab8
29. Bxb5 Rxb5 30. Nf3 Rcb8 31. Nh4 a5 32. Nf5 Qb6 33. Nxh6 Rxb2 34. Rxb2 Qxb2
35. Qxb2 Rxb2 36. Nxf7+ Kg7 37. Nxd6 Rb3 38. Rxa5 Rxc3 39. Rc5 Rc1+ 40. Kh2 c3
41. f3 Nh5 42. Nf5+ Kf6 43. d6 Ke6 44. Rc7 c2 45. d7 Rd1 46. Rxc2 Rxd7 47. Rc6+
Kf7 48. h4 Rd2 49. Kh3 Nf6 50. Rc5 Rd1 51. Kh2 Ke6 52. Rc6+ Kf7 53. Nd6+ Ke7 54.
Nc4 Nh5 55. Nxe5 Ng3 56. Kh3 Rh1+ 57. Kg4 Rg1 58. Kxf4 Rxg2 59. Rg6 Ne2+ 60. Ke3 1-0

[Event "Titled Tue 10th Jun Early"]
[Site "chess.com INT"]
[Date "2025.06.10"]
[Round "2"]
[White "Gulkov, Igor A."]
[Black "Brenke, Andreas"]
[Result "1-0"]
[WhiteTitle "IM"]
[BlackTitle "FM"]
[WhiteElo "2358"]
[BlackElo "2349"]
[WhiteFideId "4120973"]
[BlackFideId "4602900"]
[EventDate "2025.06.10"]

1. Nf3 d5 2. d4 Nf6 3. c4 c6 4. Nc3 dxc4 5. a4 Bf5 6. Ne5 e6 7. f3 Bb4 8. e4
Bxe4 9. fxe4 Nxe4 10. Bd2 Qxd4 11. Nxe4 Qxe4+ 12. Qe2 Bxd2+ 13. Kxd2 Qd5+ 14.
Kc2 Na6 15. Nxc4 b5 16. axb5 Nb4+ 17. Kb3 cxb5 18. Kxb4 bxc4 19. Qxc4 Rb8+ 20.
Ka3 Qd6+ 21. Ka2 O-O 22. Bd3 Rfc8 23. Qe4 f5 24. Qe2 Qd5+ 25. Kb1 Rxb2+ 26. Kxb2
Qd4+ 27. Kb1 Rb8+ 28. Bb5 Qd5 29. Ra2 Rxb5+ 30. Rb2 Rxb2+ 31. Kxb2 Qb7+ 32. Kc2
Qc6+ 33. Kd2 Qd5+ 34. Kc3 Qc6+ 35. Qc4 1-0

[Event "Titled Tue 10th Jun Early"]
[Site "chess.com INT"]
[Date "2025.06.10"]
[Round "2"]
[White "Bukreev, Stanislav"]
[Black "Urquhart, Ed"]
[Result "1-0"]
[WhiteTitle "FM"]
[WhiteElo "2305"]
[BlackElo "2209"]
[WhiteFideId "34252347"]
[BlackFideId "2603748"]
[EventDate "2025.06.10"]

1. d4 Nf6 2. c4 e6 3. Nf3 Nc6 4. a3 g6 5. Nc3 Bg7 6. e4 d6 7. Be2 O-O 8. O-O Re8
9. d5 Nb8 10. Bd3 e5 11. b4 a5 12. Bd2 Na6 13. Rb1 Nh5 14. Re1 Rf8 15. Qc2 Bg4
16. Be2 f5 17. h3 Bxf3 18. Bxf3 Nf4 19. Ne2 fxe4 20. Bxe4 Qg5 21. Nxf4 exf4 22.
Bf3 Rae8 23. Re6 Be5 24. Re1 axb4 25. axb4 Nb8 26. c5 Nd7 27. c6 bxc6 28. Qxc6
Nf6 29. Qxc7 Rc8 30. Qa5 Rc2 31. b5 Rb2 32. b6 Rb8 33. Qa7 R2xb6 34. Re7 Nh5 35.
Rxh7 Rb1 36. Qf7# 1-0

[Event "Titled Tue 10th Jun Early"]
[Site "chess.com INT"]
[Date "2025.06.10"]
[Round "2"]
[White "Garrido, Denis"]
[Black "Goh, Zi Han"]
[Result "1-0"]
[WhiteTitle "FM"]
[BlackTitle "FM"]
[WhiteElo "2230"]
[BlackElo "2275"]
[WhiteFideId "601217"]
[BlackFideId "5819156"]
[EventDate "2025.06.10"]

1. e4 g6 2. d4 d6 3. Nf3 Nf6 4. Bd3 Bg7 5. c3 O-O 6. O-O e5 7. h3 Nc6 8. dxe5
Nxe5 9. Nxe5 dxe5 10. Qe2 Nh5 11. Rd1 Nf4 12. Bxf4 exf4 13. Na3 Qg5 14. Qf3 Be6
15. Bc4 Bxc4 16. Nxc4 Qb5 17. b3 Qc5 18. Qxf4 b5 19. Ne3 Be5 20. Qf3 Qxc3 21.
Rac1 Qa5 22. Rc2 Rad8 23. Nd5 c6 24. Ne7+ Kg7 25. Nxc6 Qc7 26. Rdc1 Qd6 27. Nxd8
Rxd8 28. g3 Qb6 29. Kg2 Rd7 30. Rc6 Qd4 31. Qe2 Qb2 32. Qxb2 Bxb2 33. R1c2 Be5
34. R6c5 1-0

[Event "Titled Tue 10th Jun Early"]
[Site "chess.com INT"]
[Date "2025.06.10"]
[Round "2"]
[White "Mladenov, Plamen"]
[Black "Xue, Haowen"]
[Result "0-1"]
[WhiteTitle "IM"]
[BlackTitle "GM"]
[WhiteElo "2362"]
[BlackElo "2518"]
[WhiteFideId "2906198"]
[BlackFideId "8625492"]
[EventDate "2025.06.10"]

1. d4 Nf6 2. Bg5 d5 3. Bxf6 gxf6 4. e3 c5 5. c4 cxd4 6. Qxd4 dxc4 7. Qxd8+ Kxd8
8. Bxc4 e6 9. Nc3 a6 10. Ne4 Ke7 11. Bb3 f5 12. Ng3 Nd7 13. N1e2 Bg7 14. Rb1 b5
15. Nh5 Be5 16. O-O Bb7 17. Rfd1 Rac8 18. Nhf4 Rhd8 19. Nd4 Be4 20. Rbc1 Nc5 21.
Bc2 Bxf4 22. exf4 Na4 23. Bxa4 Rxc1 24. Rxc1 Rxd4 25. Bb3 Rd2 26. f3 Bd5 27.
Bxd5 exd5 28. Rc7+ Kd6 29. Ra7 d4 30. Rxa6+ Kd5 31. b3 d3 32. a4 b4 33. Rb6 Rb2
34. Rb8 Kd4 35. Kf1 Rb1+ 36. Kf2 d2 37. Rd8+ Kc3 38. Rc8+ Kxb3 39. Rd8 d1=Q 0-1

[Event "Titled Tue 10th Jun Early"]
[Site "chess.com INT"]
[Date "2025.06.10"]
[Round "2"]
[White "Leinov, Roman"]
[Black "Levitan, Caleb Levi"]
[Result "0-1"]
[WhiteTitle "CM"]
[BlackTitle "FM"]
[WhiteElo "2120"]
[BlackElo "2399"]
[WhiteFideId "13504649"]
[BlackFideId "14332620"]
[EventDate "2025.06.10"]

1. Nf3 d5 2. g3 Nc6 3. d4 Bf5 4. Bg2 Nb4 5. Na3 e6 6. O-O Be7 7. c4 c6 8. Bf4
Nf6 9. Nh4 Be4 10. f3 Bg6 11. Nxg6 hxg6 12. e4 O-O 13. Be3 Qa5 14. Bd2 c5 15.
cxd5 exd5 16. e5 Nd7 17. Nc2 Qb6 18. Nxb4 cxb4 19. f4 Qxd4+ 20. Kh1 Nc5 21. Re1
Nd3 22. Be3 Qxe3 23. Rxe3 Nf2+ 24. Kg1 Nxd1 25. Rxd1 Bc5 26. Kf2 Rfd8 27. Ke2
Bxe3 28. Kxe3 Rac8 29. Rd2 d4+ 30. Ke2 d3+ 31. Rxd3 Rc2+ 32. Ke3 Rxd3+ 33. Kxd3
Rxg2 0-1

[Event "Titled Tue 10th Jun Early"]
[Site "chess.com INT"]
[Date "2025.06.10"]
[Round "2"]
[White "Thipsay, Bagyashree Sathe"]
[Black "Buscar, Michael"]
[Result "0-1"]
[WhiteTitle "WIM"]
[WhiteElo "2075"]
[BlackElo "2016"]
[WhiteFideId "5001013"]
[BlackFideId "2603616"]
[EventDate "2025.06.10"]

1. e4 c5 2. Nf3 Nc6 3. d4 cxd4 4. Nxd4 Nf6 5. Nc3 e5 6. Ndb5 h6 7. Nd5 Nxd5 8.
exd5 a6 9. Nc3 Nd4 10. Be3 Nf5 11. Qd2 d6 12. a4 Be7 13. Be2 O-O 14. a5 Nxe3 15.
fxe3 f5 16. O-O Bd7 17. Kh1 Bg5 18. Bd3 Rc8 19. Qe1 Rc5 20. e4 f4 21. b4 Rc7 22.
Na4 Qe8 23. Nb6 Bg4 24. c4 Qh5 25. Ra2 Bh4 26. Qd2 Bg3 27. h3 f3 28. Rxf3 Bxf3
29. gxf3 Qxf3+ 30. Kg1 Bf4 31. Qe2 Qxh3 32. c5 Be3+ 0-1

[Event "Titled Tue 10th Jun Early"]
[Site "chess.com INT"]
[Date "2025.06.10"]
[Round "2"]
[White "Tleukhanov, Yerlan"]
[Black "Levitan, Judah Nathan"]
[Result "1-0"]
[WhiteTitle "FM"]
[BlackTitle "CM"]
[WhiteElo "2296"]
[BlackElo "2266"]
[WhiteFideId "13749692"]
[BlackFideId "14332639"]
[EventDate "2025.06.10"]

1. c4 c5 2. Nc3 Nc6 3. g3 g6 4. Bg2 Bg7 5. Nf3 e6 6. O-O Nge7 7. d3 d5 8. Bd2
O-O 9. a3 b6 10. Rb1 Bb7 11. b4 Qd7 12. bxc5 bxc5 13. Na4 Rab8 14. Nxc5 Qc7 15.
Nxb7 Rxb7 16. Qa4 Rfb8 17. Rb5 dxc4 18. dxc4 Rxb5 19. cxb5 Ne5 20. Be3 Nxf3+ 21.
Bxf3 Nd5 22. Bxd5 exd5 23. Bxa7 Ra8 24. b6 Qb7 25. Rb1 Bd4 26. Qxd4 Qa6 27. b7 1-0

[Event "Titled Tue 10th Jun Early"]
[Site "chess.com INT"]
[Date "2025.06.10"]
[Round "2"]
[White "Bustelo, Tabare"]
[Black "Sakhayi, Mostafa"]
[Result "0-1"]
[WhiteTitle "CM"]
[BlackTitle "CM"]
[WhiteElo "2043"]
[BlackElo "2166"]
[WhiteFideId "3000362"]
[BlackFideId "12512532"]
[EventDate "2025.06.10"]

1. d4 Nf6 2. Bg5 d5 3. Bxf6 exf6 4. e3 c6 5. c4 dxc4 6. Bxc4 Bd6 7. Nc3 Nd7 8.
Qh5 O-O 9. O-O-O f5 10. Nf3 Nf6 11. Qh4 Ne4 12. Qxd8 Rxd8 13. Rhf1 Nxc3 14. bxc3
Be6 15. Bb3 a5 16. Ng5 Bxb3 17. axb3 h6 18. Nf3 c5 19. Kb2 Kf8 20. c4 cxd4 21.
exd4 a4 22. c5 Be7 23. b4 Bf6 24. Ka3 Rd5 25. Rd3 b5 26. h3 Rad8 27. Rfd1 g5 28.
g4 h5 29. h4 fxg4 30. hxg5 Bg7 31. Nh4 Rxd4 32. Rxd4 Rxd4 33. Re1 Rd3+ 34. Ka2
Rd2+ 35. Ka3 Rxf2 36. Nf5 Bb2+ 37. Ka2 Bc3+ 0-1

[Event "Titled Tue 10th Jun Early"]
[Site "chess.com INT"]
[Date "2025.06.10"]
[Round "2"]
[White "Suvradeepta, Das"]
[Black "Palchuk, Andrii"]
[Result "0-1"]
[WhiteTitle "FM"]
[BlackTitle "FM"]
[WhiteElo "2230"]
[BlackElo "2339"]
[WhiteFideId "5058031"]
[BlackFideId "14176688"]
[EventDate "2025.06.10"]

1. d4 Nf6 2. Bf4 d5 3. Nd2 c5 4. e3 Nc6 5. c3 Bg4 6. Ngf3 e6 7. Bd3 Bd6 8. Bg3
O-O 9. O-O cxd4 10. exd4 Bxg3 11. hxg3 Rb8 12. a4 a6 13. Qe2 Nd7 14. Qe3 h6 15.
Nh2 Bf5 16. Bxf5 exf5 17. Qf3 Qf6 18. Qxd5 Rfd8 19. Qc4 Ne7 20. Nhf3 g5 21. Rfe1
g4 22. Ne5 Nb6 23. Qb3 Nbd5 24. Qd1 b5 25. axb5 axb5 26. Nf1 Kg7 27. Ne3 Nc7 28.
Ra7 Ne6 29. Rxe7 Ng5 30. Rc7 Kg8 31. Nc6 h5 32. Nxb8 Rxb8 33. Nd5 Qd6 34. Ne7+
Kf8 35. Ra7 Qb6 36. Qa1 h4 37. Nxf5 h3 38. Ra8 hxg2 39. Rxb8+ Qxb8 40. Qa3+ Kg8
41. Qe7 Nf3+ 42. Kxg2 Qa8 0-1

[Event "Titled Tue 10th Jun Early"]
[Site "chess.com INT"]
[Date "2025.06.10"]
[Round "2"]
[White "Radchenko, Alexey"]
[Black "Unver, Cumayi"]
[Result "0-1"]
[WhiteTitle "FM"]
[WhiteElo "2290"]
[BlackElo "2012"]
[WhiteFideId "4192362"]
[BlackFideId "6304940"]
[EventDate "2025.06.10"]

1. d4 Nf6 2. Nf3 g6 3. Nbd2 d5 4. e3 Bg7 5. c4 c6 6. b3 O-O 7. Bd3 Bg4 8. O-O
Nbd7 9. Bb2 e6 10. e4 dxe4 11. Nxe4 Nxe4 12. Bxe4 Nf6 13. Bc2 Qc7 14. h3 Bxf3
15. Qxf3 Nh5 16. Rfe1 Rad8 17. Rad1 Rd7 18. Rd2 Rfd8 19. Red1 Qf4 20. Qc3 Qg5
21. Rd3 Nf4 22. Rg3 Ne2+ 23. Kh2 Nxc3 24. Rxg5 Nxd1 25. Bxd1 Bxd4 26. Bxd4 Rxd4
27. Bf3 Rd2 28. Ra5 a6 29. Kg3 Rb2 30. Re5 Rxa2 31. b4 Rb2 32. b5 axb5 33. cxb5
Rxb5 34. Re1 Rb2 35. Ra1 Rdd2 36. Kf4 Rxf2 37. Ke5 Kg7 38. Ra7 Rxg2 39. Kd6 Rg3
40. Be4 Rxh3 41. Ke7 Re3 42. Ra8 Rxe4 43. Rb8 h5 44. Rxb7 Rxb7+ 45. Ke8 Ra4 46.
Kd8 Ra8# 0-1

[Event "Titled Tue 10th Jun Early"]
[Site "chess.com INT"]
[Date "2025.06.10"]
[Round "2"]
[White "Sarveshwaran V"]
[Black "Llorente Zaro, Alfonso"]
[Result "0-1"]
[WhiteTitle "CM"]
[BlackTitle "IM"]
[WhiteElo "2290"]
[BlackElo "2433"]
[WhiteFideId "25699016"]
[BlackFideId "2254131"]
[EventDate "2025.06.10"]

1. e4 Nf6 2. e5 Nd5 3. d4 d6 4. c4 Nb6 5. exd6 exd6 6. Nf3 Be7 7. Be3 Nc6 8. h3
Bf5 9. a3 O-O 10. Nc3 Re8 11. Be2 Bf6 12. O-O d5 13. b3 dxc4 14. bxc4 Qd7 15.
Rc1 Rad8 16. d5 Na5 17. Nb5 c6 18. dxc6 Qxc6 19. Nxa7 Rxd1 20. Nxc6 Rxc1 21.
Nxa5 Rxf1+ 22. Kxf1 Na4 23. g4 Bc8 24. c5 Nc3 25. Bc4 Bd8 26. Nb3 Be6 27. Bxe6
Rxe6 28. Nbd4 Ra6 29. Nc2 Be7 30. Ne5 Ne4 31. Nd3 Ra5 32. Nd4 Nxc5 33. Nxc5 Rxc5
34. Nf5 Rc7 35. Kg2 Bxa3 36. Bf4 Rc2 37. h4 Bf8 38. h5 g6 0-1

[Event "Titled Tue 10th Jun Early"]
[Site "chess.com INT"]
[Date "2025.06.10"]
[Round "2"]
[White "Yevchenko, Oleksandr"]
[Black "Langheinrich, Ferenc"]
[Result "1-0"]
[WhiteTitle "CM"]
[BlackTitle "IM"]
[WhiteElo "2276"]
[BlackElo "2346"]
[WhiteFideId "14108267"]
[BlackFideId "4641973"]
[EventDate "2025.06.10"]

1. c4 Nf6 2. Nc3 e6 3. e4 d5 4. e5 d4 5. exf6 dxc3 6. bxc3 Qxf6 7. Nf3 Bd6 8.
Bd3 Nc6 9. Bc2 e5 10. O-O Bg4 11. h3 Bh5 12. d4 O-O 13. c5 Bxf3 14. gxf3 Be7 15.
d5 Rad8 16. Be3 Qh4 17. Kh2 Bg5 18. Bxg5 Qxg5 19. Rg1 Qf4+ 20. Rg3 Ne7 21. Qd3
g6 22. c4 b6 23. cxb6 axb6 24. Re1 Rfe8 25. Re4 Qf6 26. Reg4 1-0

[Event "Titled Tue 10th Jun Early"]
[Site "chess.com INT"]
[Date "2025.06.10"]
[Round "2"]
[White "Nakhbayeva, Guliskhan"]
[Black "Boramanikar, Tanisha S"]
[Result "1-0"]
[WhiteTitle "IM"]
[BlackTitle "WCM"]
[WhiteElo "2326"]
[BlackElo "1743"]
[WhiteFideId "13704788"]
[BlackFideId "35023454"]
[EventDate "2025.06.10"]

1. c4 Nf6 2. Nc3 c5 3. Nf3 Nc6 4. d4 cxd4 5. Nxd4 d6 6. e4 g6 7. Be2 Bg7 8. Be3
O-O 9. O-O Bd7 10. h3 Rc8 11. Rc1 a6 12. b3 Ne8 13. Nd5 e6 14. Nc3 Qa5 15. a4 f5
16. exf5 gxf5 17. g3 Nxd4 18. Bxd4 e5 19. Be3 Bc6 20. Nd5 Rd8 21. Bb6 1-0

[Event "Titled Tue 10th Jun Early"]
[Site "chess.com INT"]
[Date "2025.06.10"]
[Round "2"]
[White "Salinas Herrera, Pablo"]
[Black "Karvatskyi, Oleksii"]
[Result "1-0"]
[WhiteTitle "GM"]
[BlackTitle "CM"]
[WhiteElo "2447"]
[BlackElo "2258"]
[WhiteFideId "3407128"]
[BlackFideId "14191059"]
[EventDate "2025.06.10"]

1. d4 d5 2. Nc3 Nf6 3. Bf4 a6 4. e3 b5 5. Bd3 Bb7 6. g4 e6 7. Qf3 b4 8. Nce2
Nbd7 9. Ng3 c5 10. g5 Ne4 11. Nxe4 c4 12. Bxc4 dxe4 13. Qg3 Rc8 14. Bb3 Nb6 15.
Ne2 a5 16. c3 a4 17. Bd1 Nc4 18. Bxa4+ Bc6 19. Bxc6+ Rxc6 20. b3 Nb2 21. c4 Nd3+
22. Kf1 Be7 23. h4 Qa8 24. Kg2 O-O 25. Rhd1 Ra6 26. Rd2 f6 27. Nc1 e5 28. dxe5
fxe5 29. Bxe5 Rf3 30. Qh2 Rg6 31. Nxd3 exd3 32. Kg1 Qe4 33. Bg3 h6 34. Rad1 hxg5
35. h5 Rxg3+ 36. Qxg3 Bd6 37. Qg2 Re6 38. Qxe4 Rxe4 39. Rxd3 Rg4+ 40. Kf1 Bh2
41. Ke2 1-0

[Event "Titled Tue 10th Jun Early"]
[Site "chess.com INT"]
[Date "2025.06.10"]
[Round "2"]
[White "Mishra, Manoj"]
[Black "Venkatesh, Narayan"]
[Result "1-0"]
[WhiteTitle "CM"]
[BlackTitle "FM"]
[WhiteElo "1941"]
[BlackElo "2168"]
[WhiteFideId "5006007"]
[BlackFideId "30987881"]
[EventDate "2025.06.10"]

1. d4 c5 2. d5 e6 3. dxe6 fxe6 4. e4 Nc6 5. Nc3 Nf6 6. Nf3 Be7 7. e5 Ng4 8. h3
Ngxe5 9. Nxe5 Nxe5 10. Qh5+ Nf7 11. Bd3 g6 12. Qe2 O-O 13. Bf4 d5 14. O-O-O Bf6
15. Qd2 e5 16. Bg3 Be6 17. h4 a6 18. Kb1 e4 19. Be2 Bxc3 20. Qxc3 Qb6 21. h5 d4
22. Qa3 c4 23. hxg6 hxg6 24. Rh4 d3 25. Bg4 Bd5 26. Rdh1 Rae8 27. Qc3 dxc2+ 28.
Kc1 e3 29. Rh8+ Nxh8 30. Rxh8+ Kf7 31. Rh7+ Kg8 32. Qh8# 1-0

[Event "Titled Tue 10th Jun Early"]
[Site "chess.com INT"]
[Date "2025.06.10"]
[Round "2"]
[White "Mohylnyi, Stepan"]
[Black "Nouali, Mohamed"]
[Result "1-0"]
[WhiteTitle "FM"]
[BlackTitle "FM"]
[WhiteElo "2314"]
[BlackElo "2160"]
[WhiteFideId "34127836"]
[BlackFideId "5502462"]
[EventDate "2025.06.10"]

1. e4 c5 2. Nf3 Nc6 3. d4 cxd4 4. Nxd4 g6 5. c4 Bg7 6. Be3 Nf6 7. Nc3 O-O 8. Be2
Nxd4 9. Bxd4 d6 10. O-O Be6 11. Rc1 Qa5 12. b3 a6 13. Be3 b5 14. Nd5 Nxd5 15.
exd5 Bf5 16. Qd2 Qxd2 17. Bxd2 bxc4 18. Rxc4 Bb2 19. g4 Bd7 20. Rc7 Bb5 21. Re1
Bf6 22. g5 Be5 23. Bg4 f5 24. gxf6 exf6 25. Bh6 f5 26. Bxf8 Rxf8 27. Be2 Re8 28.
Bxb5 axb5 29. Kg2 Ra8 30. Re2 b4 31. Rb7 Bc3 32. Ree7 h5 33. Re6 Kf8 34. Rxd6 g5
35. Rc6 f4 36. d6 g4 37. d7 f3+ 38. Kg3 Rd8 39. Rc8 Ke7 40. Rxd8 Kxd8 41. Kh4
Be1 42. Kxh5 Bxf2 43. Kxg4 Bg1 44. Kxf3 Bxh2 45. Ke4 Bd6 46. Kd5 Be7 47. Ke6 Bd6
48. Ra7 1-0

[Event "Titled Tue 10th Jun Early"]
[Site "chess.com INT"]
[Date "2025.06.10"]
[Round "2"]
[White "Paltrinieri, Nicholas"]
[Black "Dyulgerov, Volen"]
[Result "1-0"]
[WhiteTitle "FM"]
[BlackTitle "CM"]
[WhiteElo "2359"]
[BlackElo "2200"]
[WhiteFideId "828262"]
[BlackFideId "2918978"]
[EventDate "2025.06.10"]

1. d4 e5 2. dxe5 d6 3. exd6 Bxd6 4. Nf3 Nf6 5. Bg5 Nc6 6. e3 h6 7. Bh4 Bg4 8.
Be2 Qd7 9. Nbd2 O-O-O 10. c3 Kb8 11. Qa4 Rhe8 12. Bxf6 gxf6 13. Bb5 Bc5 14. Bxc6
bxc6 15. O-O-O Qc8 16. Nb3 Bb6 17. Rxd8 Rxd8 18. Nfd4 Bd7 19. Qc4 Ka8 20. Rd1 c5
21. Nxc5 Be6 22. Ndxe6 Rxd1+ 23. Kxd1 fxe6 24. Nxe6 Qd7+ 25. Ke2 Kb8 26. h3 h5
27. Nd4 Bxd4 28. cxd4 Qh7 29. a4 Qb1 30. Qb5+ Ka8 31. Qc6+ Kb8 32. Qxf6 Qxb2+
33. Kf3 Qa2 34. Qf8+ Kb7 35. Qb4+ Ka8 36. Qb5 h4 37. e4 Qd2 38. e5 a5 39. e6
Qc3+ 40. Ke4 Qe1+ 41. Kd5 1-0

[Event "Titled Tue 10th Jun Early"]
[Site "chess.com INT"]
[Date "2025.06.10"]
[Round "2"]
[White "Mohamed, Anees M"]
[Black "Logozar, Elijah"]
[Result "1-0"]
[WhiteTitle "FM"]
[WhiteElo "2431"]
[BlackElo "1928"]
[WhiteFideId "35065815"]
[BlackFideId "30963788"]
[EventDate "2025.06.10"]

1. Nf3 Nf6 2. b3 g6 3. Bb2 Bg7 4. g3 O-O 5. Bg2 d5 6. c4 c6 7. O-O Re8 8. d4 Bg4
9. Ne5 Bf5 10. Nc3 Na6 11. Rc1 Rc8 12. e3 e6 13. Qe2 h5 14. Rfd1 Nd7 15. Nxd7
Qxd7 16. h3 Nc7 17. g4 hxg4 18. hxg4 e5 19. gxf5 exd4 20. Na4 dxe3 21. Bxg7
exf2+ 22. Qxf2 Kxg7 23. f6+ Kg8 24. Qh4 Qf5 25. Bh3 Qf3 26. Bxc8 Re2 27. Qh3
Qf2+ 28. Kh1 Re3 29. Qh2 Qf3+ 30. Qg2 Qh5+ 31. Kg1 Re2 32. Qg3 Re5 33. Bg4 Qg5
34. Re1 Re4 35. Rxe4 Qxc1+ 36. Re1 Qg5 37. Re5 Qc1+ 38. Qe1 Qf4 39. Bh3 Qxf6 40.
Bg2 d4 41. Nc5 b6 42. Nd3 c5 43. Qf2 Qd6 44. Bd5 Nxd5 45. Rxd5 Qe6 46. Ne5 Kg7
47. Rd7 Qxe5 48. Qxf7+ Kh6 49. Qh7+ Kg5 50. Rd5 1-0

[Event "Titled Tue 10th Jun Early"]
[Site "chess.com INT"]
[Date "2025.06.10"]
[Round "2"]
[White "Hoang, Thi Bao Tram"]
[Black "Iniyan, Pa"]
[Result "0-1"]
[WhiteTitle "WGM"]
[BlackTitle "GM"]
[WhiteElo "2163"]
[BlackElo "2573"]
[WhiteFideId "12401102"]
[BlackFideId "25002767"]
[EventDate "2025.06.10"]

1. e4 c6 2. d4 d5 3. exd5 cxd5 4. Nc3 Nc6 5. Be2 e5 6. dxe5 d4 7. Ne4 Qd5 8. Ng3
Nxe5 9. Nf3 Nf6 10. O-O Nc6 11. Re1 Be7 12. Ng5 O-O 13. Bf3 Qd8 14. N5e4 Nd5 15.
a3 f5 16. Ng5 Qd6 17. c4 Nc7 18. c5 Qf6 19. Qb3+ Kh8 20. Nh5 Qg6 21. h4 Bxg5 22.
hxg5 Ne6 23. g3 Nxg5 24. Bxg5 Qxg5 25. Nf4 Qf6 26. Kg2 g5 27. Nd5 Qf7 28. Qa2
Be6 29. Rxe6 Qxe6 30. b4 Rad8 31. Rh1 g4 0-1

[Event "Titled Tue 10th Jun Early"]
[Site "chess.com INT"]
[Date "2025.06.10"]
[Round "2"]
[White "Gubatayev, Ahmet"]
[Black "Rasch, Holger"]
[Result "1-0"]
[WhiteTitle "CM"]
[BlackTitle "FM"]
[WhiteElo "2191"]
[BlackElo "2246"]
[WhiteFideId "14004526"]
[BlackFideId "4615670"]
[EventDate "2025.06.10"]

1. Nf3 c5 2. c4 b6 3. g3 Bb7 4. Bg2 e6 5. O-O Nf6 6. Nc3 a6 7. Re1 d6 8. e4 Nbd7
9. d3 Be7 10. a3 Qc7 11. b4 O-O 12. Bb2 Rac8 13. Rc1 Rfd8 14. h3 Bf8 15. Qd2 d5
16. cxd5 exd5 17. e5 Ne8 18. e6 fxe6 19. Ng5 Ndf6 20. Nxe6 Qf7 21. Nxd8 Rxd8 22.
bxc5 bxc5 23. Na4 Rc8 24. Qg5 d4 25. Bxb7 Qxb7 26. Qf5 Rc6 27. g4 Qb3 28. g5
Qxa4 29. gxf6 Rxf6 30. Qd5+ Kh8 31. Qa8 Rg6+ 32. Kh1 Qd7 33. Qf3 Rh6 34. Qxf8# 1-0

[Event "Titled Tue 10th Jun Early"]
[Site "chess.com INT"]
[Date "2025.06.10"]
[Round "2"]
[White "Barrientos, Ernesto"]
[Black "Arya G Mallar"]
[Result "0-1"]
[WhiteTitle "CM"]
[BlackTitle "WCM"]
[WhiteElo "2027"]
[BlackElo "2000"]
[WhiteFideId "3701247"]
[BlackFideId "25115324"]
[EventDate "2025.06.10"]

1. e4 c5 2. Nf3 d6 3. d4 cxd4 4. Nxd4 Nf6 5. Nc3 Nc6 6. Bg5 e6 7. Qd2 Be7 8.
O-O-O Qb6 9. Nxc6 bxc6 10. f4 Bd7 11. Bxf6 gxf6 12. Bc4 O-O-O 13. Bb3 Rhg8 14.
f5 Kb8 15. fxe6 fxe6 16. Kb1 Ka8 17. g3 Rb8 18. Qh6 c5 19. Qxh7 Rge8 20. e5 c4
21. exf6 cxb3 22. axb3 Bc6 23. fxe7 Bxh1 24. Rxh1 Rb7 25. Rf1 Rbxe7 26. Qd3 Qc6
27. Ne4 d5 0-1

[Event "Titled Tue 10th Jun Early"]
[Site "chess.com INT"]
[Date "2025.06.10"]
[Round "2"]
[White "Soto, Cristian Camilo"]
[Black "Hon, Eric"]
[Result "1/2-1/2"]
[WhiteTitle "FM"]
[WhiteElo "2070"]
[BlackElo "1962"]
[WhiteFideId "4407008"]
[BlackFideId "2097117"]
[EventDate "2025.06.10"]

1. c4 Nf6 2. Nc3 g6 3. e4 d6 4. d4 Bg7 5. f3 O-O 6. Be3 e5 7. dxe5 dxe5 8. Qxd8
Rxd8 9. Rd1 Rxd1+ 10. Kxd1 Be6 11. Kc2 c6 12. b3 Na6 13. a3 b6 14. Bd3 Rd8 15.
Nge2 Nd7 16. Nc1 Bf8 17. Kb2 f6 18. Bc2 Kf7 19. Rd1 Be7 20. Nd3 Ndc5 21. Nxc5
Nxc5 22. Rxd8 Bxd8 23. Bxc5 bxc5 24. Na4 Bb6 25. Kc3 Ke7 26. h3 Kd6 27. Nb2 h6
28. Nd3 Bf7 29. b4 cxb4+ 30. axb4 c5 31. Ba4 f5 32. Bb5 Be6 33. Kb3 cxb4 34.
Kxb4 fxe4 35. fxe4 Bd4 36. c5+ Kc7 37. Bc4 Bd7 38. Bd5 g5 39. Kc4 Bc8 40. Nb4
Bd7 41. Bf7 a5 42. Nd5+ Kb7 43. Nf6 Bc6 44. Bd5 a4 45. Ng4 a3 46. Kb3 Bxc5 47.
Nxe5 Bxd5+ 48. exd5 Kc7 49. Nf7 Bf8 50. d6+ Bxd6 51. Nxh6 Kd7 52. Nf7 Be7 53.
Ne5+ Ke6 54. Nc4 Kf5 55. Nd2 Kf4 56. Nf1 Bf8 57. Ka2 Bd6 58. Kb3 Ke4 59. g3 Kf3
60. h4 g4 61. h5 Bf8 62. h6 Bxh6 63. Nh2+ Kxg3 64. Nxg4 Bf8 65. Ne3 a2 66. Kxa2 1/2-1/2

[Event "Titled Tue 10th Jun Early"]
[Site "chess.com INT"]
[Date "2025.06.10"]
[Round "2"]
[White "Atanasov, Anthony"]
[Black "Bournel, Antoine"]
[Result "0-1"]
[WhiteTitle "IM"]
[BlackTitle "IM"]
[WhiteElo "2417"]
[BlackElo "2423"]
[WhiteFideId "2623897"]
[BlackFideId "26093553"]
[EventDate "2025.06.10"]

1. d4 d6 2. Bf4 Nd7 3. Nf3 Ngf6 4. e3 Nh5 5. h4 c5 6. Bc4 Nxf4 7. exf4 e6 8. Nc3
d5 9. Bb5 cxd4 10. Qxd4 Qb6 11. Qa4 Bd6 12. O-O-O a6 13. Ne5 axb5 14. Qxa8 O-O
15. a4 Nxe5 16. fxe5 Bd7 17. a5 Qc6 18. Qxf8+ Bxf8 19. Ne2 Qc7 20. Nd4 Qxa5 21.
Nb3 Qc7 22. f4 g6 23. g4 Qc4 24. Rd4 Qe2 25. g5 b4 26. Rhd1 Ba4 27. R1d2 Qe1+
28. Rd1 Qe3+ 29. Kb1 Bxb3 30. cxb3 Bc5 31. R4d3 Qxf4 32. Ka2 Qxe5 33. Rf3 Qc7
34. Rdf1 e5 0-1